| 000 | 00831nam a22002297a 4500 | ||
|---|---|---|---|
| 001 | 60748 | ||
| 003 | UA-OsUOA | ||
| 005 | 20240603104911.0 | ||
| 007 | ta | ||
| 008 | 20090603b un ||||| |||| 00| 0 ukr d | ||
| 020 | _a966-8029-64-Х | ||
| 040 |
_aUA-OsUOA _bukr _cUA-OsUOA _dUA-OsUOA |
||
| 041 | _aukr | ||
| 080 | _a21(08) | ||
| 090 |
_a21(08) _bН34 |
||
| 245 |
_aНауковий вісник Чернівецького університету _bЗбірник наукових праць _nВипуск 203-204 _pФілософія |
||
| 260 |
_aЧернівці _bЗолоті литаври _c2004 |
||
| 300 | _a356 с. | ||
| 650 | 7 |
_a21 Природна теологія. Теодицея (Бог). Раціональна теологія Релігійна філософія _2UDC _92916 |
|
| 942 |
_cBK _2udc |
||
| 955 | _a2 | ||
| 999 |
_c346679 _d346679 |
||